000 00481nam a2200157 4500
001 123897
003 ES-MaACL
005 20230906192254.0
007 t|
008 070214n19001980sp r ||||1| spa d
100 1 _aRamírez García, Marcelino.
_995148
245 1 0 _aTisiología de la infancia /
_cpor el Dr. Marcelino Ramírez García.
260 _aLogroño :
_b[s. n.],
_c[19__?] (
_fImp. y Librería General)
300 _aXI, 642 p. ;
_c25 cm.
852 _aES-MaACL
_jB-10907
999 _c123897
_d123897